Le mais hybride ; developpement de la production dans les pays de l'OECE.

Bibliographic Details
Corporate Author: Organisation for European Economic Co-operation
Format: Book
Language:French
Published: Paris, [publisher not identified] ; 1952.
Series:Mission d'assistance technique, 96
Subjects:

MARC

Tag First Indicator Second Indicator Subfields
LEADER 00000cam a2200000 4500
001 in00000047780
005 20151007075527.0
008 800613s1952 fr i00010 fre d
035 |a (OCoLC)06419046 
035 |9 AAF3364AM 
040 |a TXA  |c TXA  |d UtOrBLW 
049 |a TXAM  |c [213487] 
090 |a SB191.M2  |b O75 1952 
092 |a 633.15  |b O68m 
110 2 |a Organisation for European Economic Co-operation. 
245 1 3 |a Le mais hybride ;  |b developpement de la production dans les pays de l'OECE. 
264 1 |a Paris,  |b [publisher not identified] ;  |c 1952. 
300 |a 54 pages 
336 |a text  |b txt  |2 rdacontent 
337 |a unmediated  |b n  |2 rdamedia 
338 |a volume  |b nc  |2 rdacarrier 
490 0 |a Mission d'assistance technique, 96 
650 0 |a Corn. 
650 0 |a Plant hybridization. 
999 |a MARS 
999 f f |s f8390c0a-ed15-337b-8f6f-abcf9d1392f4  |i 9984bc0d-aa4e-32b3-8934-0387e2f58c1a  |t 0 
952 f f |p ric  |a Texas A&M University  |b Rellis Campus  |c Joint Library Facility  |d Remote Storage  |t 0  |e SB191.M2 O75 1952  |h Library of Congress classification  |i unmediated -- volume  |m A14801072730 
998 f f |a SB191.M2 O75 1952  |t 0  |l Remote Storage